Statistics for FNAF Animatronics

Click here to take the quiz!

General Stats

  • This quiz has been taken 193 times
  • The average score is 78 of 153

Answer Stats

GameAnswer% Correct
1 | UCNChica
99%
1 | UCNFoxy
97%
1 | UCNBonnie
96%
1Golden Freddy
92%
1 | UCNFreddy Fazbear
83%
3 | UCNSpringtrap
78%
2 | UCNBalloon Boy
75%
2 | UCNMangle
75%
4 | UCNNightmare
75%
2 | UCNToy Bonnie
75%
2 | UCNToy Chica
75%
2 | UCNToy Freddy
73%
2 | UCNThe Puppet
70%
2 | UCNWithered Bonnie
70%
2 | UCNWithered Chica
70%
2Withered Freddy
70%
2Withered Foxy
69%
4 | UCNNightmare Freddy
68%
4 | UCNNightmare Chica
67%
4 | UCNNightmare Bonnie
66%
SL | UCNCircus Baby
64%
2 | 3 | UCNShadow Bonnie
64%
SL | UCNFuntime Foxy
63%
4Nightmare Foxy
63%
3Phantom Chica
63%
3 | UCNPhantom Freddy
63%
2 | 3Shadow Freddy
63%
SLFuntime Freddy
62%
3Phantom Foxy
62%
SL | UCNBallora
61%
4 | UCNFredbear
60%
3 | UCNPhantom Balloon Boy
58%
PS | UCNLefty
57%
4 | UCNNightmare Fredbear
56%
3Phantom Puppet
55%
PS | UCNScraptrap/William Afton
55%
3 | UCNPhantom Mangle
54%
4 | UCNNightmare Balloon Boy
52%
SL | UCNEnnard
51%
PS | UCNFuntime Chica
51%
2 | UCNJJ
51%
2 | UCNWithered Golden Freddy
51%
4 | UCNNightmare Mangle
49%
4 | UCNNightmarionne
49%
4 | UCNPlushtrap
49%
PS | UCNScrap Baby
49%
4Springbonnie
49%
SLBon-Bon
48%
4Jack-O-Bonnie
47%
4 | UCNJack-O-Chica
47%
PS | UCNMolten Freddy
46%
PS | UCNRockstar Bonnie
46%
PS | UCNRockstar Freddy
46%
1Endo-01
45%
PS | UCNRockstar Chica
45%
SL | UCNLolbit
44%
UCNPhone Guy
44%
PS | UCNRockstar Foxy
44%
SL | UCNBonnet
42%
2Endo-02
42%
PS | UCNHappy Frog
41%
PS | UCNMr. Hippo
39%
SLBidybab
37%
SLYenndo
37%
4Nightmare Cupcake
36%
SLElectrobab
35%
PS | UCNHelpy
35%
SL | UCNMinireena
35%
UCNDee Dee
34%
PS | UCNPigpatch
34%
PS | UCNOrville Elephant
33%
PS | UCNMusic Man
32%
PS | UCNNedd Bear
32%
PS | UCNEl Chip
30%
PS | UCNMr. Hugs
26%
PS | UCNNo. 1 Crate
26%
PSCandy Cadet
25%
PS | UCNMr. Can-Do
25%
UCNOld Man Consequences
25%
PSPan Stan
25%
PS | UCNBucket Bob
22%
PSFruit Punch Clown
20%
PSLemonade Clown
20%
2Toy Cupcake
20%
PSEgg Baby
18%
1Mr. Cupcake
18%
PSPrize King
18%
PSSecurity Puppet
18%
4Jack-O-Lantern
16%
SLHandunit
13%
3Shadow Cupcake
12%
3Golden Cupcake
11%
PSFuntime Cupcake
9%

Score Distribution

Percentile by Number Answered

Percent of People with Each Score

Your Score History

You have not taken this quiz